| 000 | 00833cam a2200241 a 4500 | ||
|---|---|---|---|
| 020 | _a0471303666 (acidfree) | ||
| 082 | 0 | 0 |
_a694.1 _bPAR _cL-37, P-98 |
| 100 | 1 |
_aParker, Harry, _940845 |
|
| 245 | 1 | 0 |
_aSimplified design of wood structures / _cHarry Parker. |
| 250 | _a5th ed. / | ||
| 260 |
_aNew York : _bWiley, _cc1994. |
||
| 300 |
_axiv, 351 p. : _bill. ; _c22 cm. |
||
| 500 | _aRev. ed. of: Simplified design of structural wood. 4th ed. c1988. | ||
| 526 |
_a0 _b0 _c0 _d694_100000000000000_PAR |
||
| 650 | 0 |
_aBuilding, Wooden. _925296 |
|
| 650 | 0 |
_aMCE _9379 |
|
| 650 | 0 | _aStructural design. | |
| 700 | 1 |
_aAmbrose, James E. _91 |
|
| 700 | 1 |
_aParker, Harry, _940845 |
|
| 856 | 4 | _uhttp://www.loc.gov/catdir/toc/onix01/93035635.html | |
| 856 | 4 | 2 | _uhttp://www.loc.gov/catdir/enhancements/fy0706/93035635-b.html |
| 942 |
_2ddc _cBK |
||
| 999 |
_c549065 _d549065 |
||